000 00665nam a2200169Ia 4500
008 090124s9999 xx 000 0 und d
082 _b46789
100 _aप्रभावळकर दिलीप
245 _a चिमणरावाचा ' गजरा ' इतर प्रहसने
250 _a0
300 _a150
600 _aप्रभावळकर दिलीप
630 _a चिमणरावाचा ' गजरा ' इतर प्रहसने
700 _aप्रभावळकर दिलीप
730 _a चिमणरावाचा ' गजरा ' इतर प्रहसने
942 _cBOOK
999 _c113013
_d113013